[Event "?"]
[Site "?"]
[Date "2004.03.22"]
[Round "2.40"]
[White "Mamedjarova, T."]
[Black "Seps, M."]
[Result "1-0"]
[WhiteElo "2229"]
[BlackElo "2078"]
[PlyCount "91"]
[EventDate "2004.??.??"]

1. e4 c5 2. Nc3 d6 3. Nf3 a6 4. d4 cxd4 5. Nxd4 Nf6 6. Be2 e5 7. Nb3 Be7 8. O-O
O-O 9. Kh1 b6 10. f4 Nbd7 11. f5 Bb7 12. Bf3 b5 13. Qe1 Rc8 14. a3 Nb6 15. Qe2
Qc7 16. Rb1 Rfe8 17. Be3 Nc4 18. Bd2 Qb8 19. Rfe1 a5 20. g4 b4 21. axb4 axb4
22. Nd1 d5 23. exd5 e4 24. Bg2 Nxd5 25. Be3 Ne5 26. Nf2 Bh4 27. Nd4 Nf3 28.
Bxf3 exf3 29. Qd2 Nf6 30. Bf4 Qa7 31. Bg3 Ne4 32. Nxe4 Rxe4 33. Rxe4 Bxe4 34.
Qe3 Qb7 35. Bf2 Bxf2 36. Qxf2 Rd8 37. Kg1 Qc7 38. Qe3 Bb7 39. Re1 h5 40. g5 Qb6
41. c3 bxc3 42. bxc3 Qb2 43. Nxf3 Qc2 44. g6 fxg6 45. Qe6+ Kh8 46. Qe8+ 1-0

[Event "?"]
[Site "?"]
[Date "2004.03.22"]
[Round "2.41"]
[White "Topel, Z."]
[Black "Jelica, M."]
[Result "0-1"]
[WhiteElo "2056"]
[BlackElo "2222"]
[PlyCount "88"]
[EventDate "2004.??.??"]

1. e4 c5 2. Nf3 Nc6 3. d4 cxd4 4. Nxd4 Nf6 5. Nc3 g6 6. Be2 Bg7 7. Be3 O-O 8.
O-O d6 9. f4 Qb6 10. Qd2 Nxe4 11. Nxc6 Qxc6 12. Nxe4 Qxe4 13. Bd3 Qd5 14. c4
Qh5 15. Be4 Qg4 16. Rf2 Qe6 17. Qd3 Qf6 18. Qb3 a5 19. Rd1 a4 20. Qa3 Bg4 21.
Rdd2 Rac8 22. Bd5 e6 23. Bxb7 Rxc4 24. Qxd6 Rc1+ 25. Rf1 Rxf1+ 26. Kxf1 Qf5 27.
Qd7 Qb1+ 28. Kf2 Bxb2 29. Qxa4 Bc3 30. Be4 Qc1 31. Re2 Qh1 32. Bf3 Bxf3 33.
Kxf3 Qxh2 34. Qd1 Qh5+ 35. Kf2 Qh4+ 36. Kg1 Rd8 37. Qb3 Qg4 38. Kf1 Ba5 39. Qc2
h5 40. Qc1 h4 41. a3 h3 42. gxh3 Qf3+ 43. Bf2 Bb6 44. Qe1 Qh1+ 0-1

[Event "?"]
[Site "?"]
[Date "2004.03.22"]
[Round "2.42"]
[White "Roessler, U."]
[Black "Hafenstein, A."]
[Result "1-0"]
[WhiteElo "2221"]
[BlackElo "2051"]
[PlyCount "59"]
[EventDate "2004.??.??"]

1. e4 e6 2. d4 d5 3. Nc3 dxe4 4. Nxe4 Nf6 5. Bg5 Be7 6. Bxf6 Bxf6 7. Nxf6+ Qxf6
8. Nf3 b6 9. Bb5+ c6 10. Qe2 Bb7 11. Ba4 b5 12. Bb3 O-O 13. Ne5 Qe7 14. c3 a5
15. Bc2 Na6 16. O-O Nc7 17. Rfe1 f6 18. Nd3 Kh8 19. Nc5 Bc8 20. Qe4 f5 21. Qxc6
Ra7 22. Re5 h6 23. Rae1 g6 24. Bb3 a4 25. Bxe6 Bb7 26. Nxb7 Ra6 27. Bd7 Rxc6
28. Rxe7 Rb6 29. Nc5 f4 30. Ne6 1-0

[Event "?"]
[Site "?"]
[Date "2004.03.22"]
[Round "2.43"]
[White "Apanaviciute, K."]
[Black "Makka, I."]
[Result "1/2-1/2"]
[WhiteElo "2041"]
[BlackElo "2205"]
[PlyCount "81"]
[EventDate "2004.??.??"]

1. e4 c6 2. d4 d5 3. e5 Bf5 4. Nf3 e6 5. Be2 Nd7 6. Be3 Bg6 7. O-O Ne7 8. Nbd2
Nf5 9. Bg5 Qb6 10. Nb3 h6 11. Bd2 Qd8 12. c3 Bh5 13. h3 Nh4 14. Nxh4 Bxe2 15.
Qxe2 Qxh4 16. f4 g6 17. Na5 Rb8 18. b4 Qd8 19. Nb3 h5 20. Nc5 Bxc5 21. bxc5 Qe7
22. Rab1 Kf8 23. Rb3 Kg7 24. c4 f5 25. cxd5 exd5 26. Rfb1 b5 27. Ra3 Rb7 28.
Kh1 Re8 29. Be1 Qe6 30. Bh4 Kf7 31. Qd2 Nb8 32. Bf6 Nd7 33. Bh4 Nb8 34. Qf2 Kg7
35. Qg3 Nd7 36. Ra6 Nb8 37. Bf6+ Kh7 38. Ra5 Nd7 39. Bg5 Reb8 40. Qa3 Ra8 41.
Qb4 1/2-1/2

[Event "?"]
[Site "?"]
[Date "2004.03.22"]
[Round "2.44"]
[White "Chilingirova, P."]
[Black "Horn, E."]
[Result "1-0"]
[WhiteElo "2201"]
[BlackElo "2051"]
[PlyCount "75"]
[EventDate "2004.??.??"]

1. c4 c5 2. Nc3 Nc6 3. g3 g6 4. Bg2 Bg7 5. a3 a5 6. Nf3 e5 7. d4 cxd4 8. Nb5 d6
9. e3 Be6 10. b3 dxe3 11. Bxe3 e4 12. Nxd6+ Kf8 13. Nxe4 Bf5 14. Nfd2 Bxa1 15.
Qxa1 f6 16. O-O Kg7 17. h3 h5 18. Nc5 Qc8 19. Kh2 Nh6 20. Nde4 Bxe4 21. Nxe4
Qe6 22. Nc5 Qe7 23. Bd5 Nf5 24. Ne6+ Kh7 25. Bc5 Qd7 26. Qxf6 Rhe8 27. Ng5+ Kh6
28. Bf7 Ne5 29. Bxe8 Rxe8 30. Bf8+ Ng7 31. Bxg7+ Qxg7 32. Qxg7+ Kxg7 33. Rd1
Re7 34. Kg2 Kf6 35. f4 Nc6 36. Kf3 Ne5+ 37. fxe5+ Kxg5 38. Ke4 1-0

[Event "?"]
[Site "?"]
[Date "2004.03.22"]
[Round "2.45"]
[White "Cavusoglu, Y."]
[Black "Mietzner, T."]
[Result "0-1"]
[WhiteElo "2013"]
[BlackElo "2201"]
[PlyCount "108"]
[EventDate "2004.??.??"]

1. d4 d5 2. c4 e6 3. Nc3 c6 4. cxd5 exd5 5. Nf3 Bd6 6. h3 Ne7 7. e3 O-O 8. Bd3
Bf5 9. O-O Nd7 10. a3 Re8 11. Qd2 Bxd3 12. Qxd3 Nf6 13. Ne5 Ne4 14. f4 f6 15.
Nf3 Nf5 16. Ne2 Re7 17. g4 Nfg3 18. Nxg3 Nxg3 19. Rd1 Ne4 20. Nh4 g6 21. Qf1
Qd7 22. Qf3 Rae8 23. Ng2 Qc7 24. Nh4 a5 25. b3 Qb6 26. Ng2 Qxb3 27. Bd2 Nxd2
28. Rxd2 Bxa3 29. Rdd1 Bb4 30. h4 Rxe3 31. Nxe3 Rxe3 32. Qf2 Rg3+ 33. Kh2 Rxg4
34. Rab1 Qc4 35. Rbc1 Qa6 36. Kh3 h5 37. Qe3 Qa8 38. Qe6+ Kg7 39. Rg1 Qd8 40.
Rxg4 hxg4+ 41. Qxg4 Qe8 42. Rg1 Bd6 43. h5 g5 44. h6+ Kg6 45. Qf3 Qd7+ 46. Kh2
Kxh6 47. Kg2 g4 48. Qg3 Qe6 49. Re1 Qf5 50. Qh4+ Kg6 51. Rf1 Bxf4 52. Qe1 Kg5
53. Kg1 Qd3 54. Kg2 Qh3+ 0-1

[Event "?"]
[Site "?"]
[Date "2004.03.22"]
[Round "2.46"]
[White "Andersson, C."]
[Black "Roelli, C."]
[Result "1-0"]
[WhiteElo "2196"]
[BlackElo "2020"]
[PlyCount "29"]
[EventDate "2004.??.??"]

1. e4 c5 2. c3 d6 3. d4 cxd4 4. cxd4 g6 5. Nf3 Nf6 6. Nc3 Bg7 7. Be2 O-O 8. O-O
a6 9. Bg5 Nc6 10. Rc1 Nd7 11. Nd5 f6 12. Be3 e6 13. Nf4 Nb6 14. d5 Ne5 15. dxe6
1-0

[Event "?"]
[Site "?"]
[Date "2004.03.22"]
[Round "2.47"]
[White "Grossmann, S."]
[Black "Hitzgerova, G."]
[Result "1-0"]
[WhiteElo "1977"]
[BlackElo "2190"]
[PlyCount "97"]
[EventDate "2004.??.??"]

1. e4 c5 2. c4 e6 3. Nc3 Nc6 4. g3 g6 5. Bg2 Bg7 6. Nge2 Nge7 7. O-O O-O 8. a3
Rb8 9. Rb1 d6 10. b4 b6 11. d3 Bb7 12. Be3 Qd7 13. Qd2 Rfd8 14. Bh6 Bh8 15. h4
Ne5 16. Rfc1 cxb4 17. axb4 d5 18. exd5 exd5 19. c5 Nf5 20. Bg5 Rdc8 21. d4 Nc4
22. Qd3 bxc5 23. dxc5 Ne5 24. Qd2 d4 25. Ne4 Bc6 26. Rf1 d3 27. Nf4 h6 28. Bf6
Bxe4 29. Bxh8 Bxg2 30. Bxe5 Bxf1 31. Bxb8 Rxb8 32. Rxf1 Rd8 33. Rd1 Qb5 34. Qc3
d2 35. Rxd2 Re8 36. Rd1 Qa4 37. Ra1 Qc6 38. Rd1 a6 39. Nd5 Re6 40. h5 Kh7 41.
Nf4 Re7 42. hxg6+ fxg6 43. Rd8 Re8 44. Rxe8 Qxe8 45. c6 Nd6 46. Nd5 Ne4 47. Qe3
Qe6 48. Qxe4 Qxe4 49. Nf6+ 1-0

[Event "?"]
[Site "?"]
[Date "2004.03.22"]
[Round "2.48"]
[White "Aginian, N."]
[Black "Winnicki, A."]
[Result "1-0"]
[WhiteElo "2189"]
[BlackElo "2013"]
[PlyCount "53"]
[EventDate "2004.??.??"]

1. e4 e6 2. d4 d5 3. exd5 exd5 4. c4 dxc4 5. Bxc4 Nc6 6. Nf3 Bd6 7. O-O Nf6 8.
Re1+ Ne7 9. Qb3 O-O 10. Nc3 c6 11. Bg5 Ng6 12. Ne5 Qc7 13. f4 Bf5 14. a4 a6 15.
a5 Rac8 16. h3 h6 17. Bxf6 gxf6 18. Nxg6 Bxg6 19. Ne4 Bxe4 20. Rxe4 f5 21. Re2
Bxf4 22. Qd3 c5 23. Qxf5 cxd4 24. Bd3 f6 25. Rf1 Be3+ 26. Kh1 Rf7 27. Rc2 1-0

[Event "?"]
[Site "?"]
[Date "2004.03.22"]
[Round "2.49"]
[White "Ozturk, K."]
[Black "Hamelink, D."]
[Result "0-1"]
[WhiteElo "1957"]
[BlackElo "2185"]
[PlyCount "124"]
[EventDate "2004.??.??"]

1. d4 d5 2. c4 c6 3. Nc3 Nf6 4. e3 a6 5. Nf3 b5 6. b3 Bg4 7. Be2 Nbd7 8. O-O e6
9. Bd2 Bd6 10. Rc1 O-O 11. a4 dxc4 12. bxc4 b4 13. Nb1 a5 14. Qc2 e5 15. h3 Bh5
16. dxe5 Nxe5 17. Nxe5 Bxe2 18. Nxc6 Qd7 19. Nd4 Bxf1 20. Rxf1 Bc5 21. Nf3 Rab8
22. Qb3 Rfd8 23. Bc1 Ne4 24. Bb2 Qd3 25. Qxd3 Rxd3 26. Bd4 Bxd4 27. exd4 Nc3
28. Ne5 Ne2+ 29. Kh2 Rb3 30. Nc6 Ra8 31. Re1 Nc3 32. Nxc3 Rxc3 33. Nxa5 f6 34.
Nc6 Rxc4 35. d5 Kf8 36. a5 b3 37. Re3 Rc5 38. Rxb3 Rxd5 39. Rb6 Ke8 40. a6 Kd7
41. Nb4 Rc5 42. Rb7+ Rc7 43. Rb5 Rca7 44. Kg3 Re8 45. Kf3 Re1 46. Rb6 Rd1 47.
Ke4 Rd2 48. Ke3 Rd6 49. Rb5 Rd1 50. Rb8 Kc7 51. Rg8 Kb6 52. Rb8+ Kc7 53. Rg8
Rd7 54. Ke4 Kb6 55. Rb8+ Kc5 56. Nd3+ Kc4 57. Nb2+ Kc5 58. Nd3+ Kd6 59. Nb4 g6
60. Rb6+ Kc5 61. Rb7 Raxb7 62. axb7 Rd4+ 0-1

[Event "?"]
[Site "?"]
[Date "2004.03.22"]
[Round "2.51"]
[White "Acar, G."]
[Black "Vasiliev, O."]
[Result "1-0"]
[WhiteElo "1888"]
[BlackElo "2156"]
[PlyCount "91"]
[EventDate "2004.??.??"]

1. e4 c5 2. c3 Nf6 3. e5 Nd5 4. d4 cxd4 5. Nf3 e6 6. cxd4 d6 7. Bc4 Nc6 8. O-O
Be7 9. Qe2 O-O 10. Nc3 Nxc3 11. bxc3 dxe5 12. Nxe5 Nxe5 13. Qxe5 Bd7 14. Bd3
Bc6 15. Bf4 Rc8 16. Rfe1 Bf6 17. Qh5 g6 18. Qg4 Qa5 19. Bd2 Rfd8 20. Qf4 Bg7
21. Bc2 e5 22. Qg5 h6 23. Qh4 exd4 24. Bxh6 d3 25. Bb3 Qxc3 26. Bxf7+ Kxf7 27.
Re7+ Kg8 28. Rxg7+ Qxg7 29. Bxg7 d2 30. Rd1 Ba4 31. Qxa4 Kxg7 32. Qb4 Rd7 33.
Qb2+ Kh7 34. Rxd2 Rdc7 35. g3 b6 36. Qb5 Kh6 37. h4 Rc5 38. Qa4 R8c7 39. Qf4+
Kg7 40. Rd8 g5 41. Qf8+ Kg6 42. Rd6+ Kh5 43. Rh6+ Kg4 44. hxg5 Rf5 45. Rh4+
Kxg5 46. Qh6# 1-0

[Event "?"]
[Site "?"]
[Date "2004.03.23"]
[Round "3.1"]
[White "Stefanova, A."]
[Black "Mkrtchian, L."]
[Result "0-1"]
[WhiteElo "2478"]
[BlackElo "2395"]
[PlyCount "102"]
[EventDate "2002.??.??"]

1. c4 c5 2. g3 Nc6 3. Bg2 g6 4. Nc3 Bg7 5. a3 d6 6. Rb1 a5 7. Nf3 e5 8. O-O
Nge7 9. Ne1 Be6 10. Nd5 O-O 11. d3 Rb8 12. Nxe7+ Nxe7 13. b4 axb4 14. axb4 cxb4
15. Bg5 b5 16. Nc2 bxc4 17. Nxb4 f6 18. Be3 Kh8 19. Qd2 cxd3 20. exd3 Qd7 21.
Ra1 Rbc8 22. Ra7 Rc7 23. Rfa1 Nc8 24. Bc6 Qf7 25. R7a5 f5 26. Bh6 f4 27. Bxg7+
Qxg7 28. Bd5 Bxd5 29. Nxd5 Rcf7 30. Ra8 Rf5 31. Qc3 fxg3 32. Rxc8 gxf2+ 33. Kf1
Qh6 34. d4 Qxh2 35. Rxf8+ Rxf8 36. Ne3 Qh3+ 37. Ke2 f1=Q+ 38. Rxf1 Rxf1 39.
dxe5 Qf3+ 40. Kd2 Rf2+ 41. Kd3 Qe2+ 42. Ke4 Qf3+ 43. Kd3 Qe2+ 44. Ke4 d5+ 45.
Kxd5 Qd2+ 46. Qxd2 Rxd2+ 47. Ke6 Kg7 48. Nd5 h5 49. Kd6 Rxd5+ 50. Kxd5 Kf7 51.
Kd6 Ke8 0-1

[Event "?"]
[Site "?"]
[Date "2004.??.??"]
[Round "3.3"]
[White "Bojkovic, N."]
[Black "Kosintseva, T."]
[Result "1-0"]
[WhiteElo "2391"]
[BlackElo "2447"]
[PlyCount "135"]
[EventDate "2002.??.??"]

1. e4 c5 2. Nf3 d6 3. d4 cxd4 4. Nxd4 a6 5. c4 b6 6. Nc3 Bb7 7. Bd3 Nd7 8. O-O
g6 9. Be3 Bg7 10. Rc1 Ngf6 11. Qe2 O-O 12. Rfd1 Rc8 13. Bb1 Re8 14. Nf3 Qc7 15.
Nd5 Qb8 16. Nxf6+ Nxf6 17. Bd4 Bc6 18. Bc3 Qc7 19. Bd3 Nd7 20. Bxg7 Kxg7 21. b4
Bb7 22. Qb2+ Kg8 23. a3 Nf6 24. Re1 e5 25. Nd2 Qd7 26. Nb3 Bc6 27. f3 Nh5 28.
Qf2 Rb8 29. Bf1 Nf4 30. Qe3 Ba4 31. Nd2 Ne6 32. Nb1 Nd4 33. Qf2 Rec8 34. Nc3
Kg7 35. Nd5 Bc6 36. Ne3 a5 37. Rcd1 Ba4 38. Rxd4 exd4 39. Nd5 Qe6 40. Nxb6 Rxb6
41. Qxd4+ Qe5 42. Qxb6 axb4 43. axb4 Bb3 44. Rc1 Kg8 45. Qe3 Ba4 46. b5 Qb2 47.
Re1 Bb3 48. Rc1 Ba4 49. Re1 Bb3 50. Qf2 Qa3 51. Qd4 Qa5 52. Rc1 Qa3 53. Ra1 Qb4
54. Rb1 Ra8 55. Qe3 Ra3 56. b6 Qa4 57. Qd4 Qb4 58. Be2 Ra6 59. Qe3 Rxb6 60. Bd1
Bxd1 61. Rxb4 Rxb4 62. Qd2 Rb1 63. Kf2 Bb3 64. Qxd6 Rb2+ 65. Kg3 Rb1 66. c5 Be6
67. c6 Rc1 68. Qb8+ 1-0

[Event "?"]
[Site "?"]
[Date "2004.03.23"]
[Round "3.5"]
[White "Muzychuk, A."]
[Black "Arakhamia-Grant, K."]
[Result "1/2-1/2"]
[WhiteElo "2367"]
[BlackElo "2435"]
[PlyCount "108"]
[EventDate "2002.??.??"]

1. e4 c5 2. Nf3 e6 3. Be2 Nc6 4. O-O Nf6 5. e5 Ng4 6. b4 Ngxe5 7. Nxe5 Nxe5 8.
bxc5 d5 9. cxd6 Bxd6 10. d4 Nc6 11. Be3 O-O 12. c3 Ne7 13. Bd3 Nd5 14. Bd2 Nf4
15. Bxf4 Bxf4 16. Nd2 Bd7 17. Nf3 Bc6 18. Qe2 Qa5 19. c4 Qh5 20. h3 Bxf3 21.
Qxf3 Qxf3 22. gxf3 Rfd8 23. Rfd1 Rac8 24. c5 b6 25. cxb6 axb6 26. Rab1 Rd6 27.
Rb4 g5 28. Kf1 Ra8 29. a4 Kg7 30. Ke2 Rad8 31. Bc2 e5 32. d5 Rxd5 33. Rxb6 Rd2+
34. Ke1 Rxd1+ 35. Bxd1 Bd2+ 36. Kf1 Ba5 37. Rb1 Rd2 38. Be2 Ra2 39. Rb7 Rxa4
40. Ra7 Ra1+ 41. Kg2 Bc3 42. Rxa1 Bxa1 43. Bd3 h6 44. Bc2 Bd4 45. Bd3 Kf6 46.
Bc2 h5 47. Bb1 h4 48. Bc2 Ke6 49. Bb3+ Ke7 50. Bc2 Kd6 51. Bb3 f5 52. Bc2 Ke6
53. Bb1 Kf6 54. Bc2 Ke6 1/2-1/2

[Event "?"]
[Site "?"]
[Date "2004.03.23"]
[Round "3.6"]
[White "Kosintseva, N."]
[Black "Bosboom-Lanchava, T."]
[Result "1/2-1/2"]
[WhiteElo "2425"]
[BlackElo "2323"]
[PlyCount "92"]
[EventDate "2004.??.??"]

1. e4 d6 2. d4 g6 3. Nc3 Bg7 4. Be3 a6 5. f4 b5 6. Be2 b4 7. Na4 Bb7 8. Bf3 Nf6
9. e5 Nd5 10. Bf2 Qd7 11. c4 bxc3 12. Nxc3 Nxc3 13. bxc3 Bxf3 14. Qxf3 Nc6 15.
Ne2 O-O 16. O-O Na5 17. Rab1 Rab8 18. Qd3 Qc6 19. Rb4 Rxb4 20. cxb4 Qc4 21. Qd2
Nc6 22. a3 dxe5 23. fxe5 Bh6 24. Qxh6 Qxe2 25. Qc1 Qe4 26. Qc5 Rd8 27. Re1 Qd5
28. Qxd5 Rxd5 29. Kf1 Na7 30. Rc1 c6 31. Ke2 Kf8 32. Kd3 Ke8 33. g4 Kd7 34. Kc4
a5 35. a4 Nc8 36. Rc3 f6 37. exf6 exf6 38. Rh3 h5 39. gxh5 gxh5 40. bxa5 Rxa5
41. Ra3 Rf5 42. Bg3 Nb6+ 43. Kb4 Nd5+ 44. Kc4 Nb6+ 45. Kb4 Nd5+ 46. Kc4 Nb6+
1/2-1/2

[Event "?"]
[Site "?"]
[Date "2004.03.23"]
[Round "3.7"]
[White "Mamedjarova, Z."]
[Black "Peng, Z."]
[Result "0-1"]
[WhiteElo "2341"]
[BlackElo "2419"]
[PlyCount "146"]
[EventDate "2004.??.??"]

1. e4 c5 2. Nf3 Nc6 3. d4 cxd4 4. Nxd4 Qc7 5. Nc3 e6 6. Be3 a6 7. Bd3 b5 8. O-O
Bb7 9. Kh1 Nf6 10. Qe2 Be7 11. f4 d6 12. a4 b4 13. Na2 O-O 14. Nxc6 Bxc6 15.
Nxb4 Bxe4 16. Bxe4 Nxe4 17. f5 a5 18. Nd3 e5 19. Bh6 Nf6 20. Bg5 h6 21. Bh4
Rfc8 22. c3 Qc4 23. Bf2 Rab8 24. Rfe1 Rc7 25. h3 Rcb7 26. b4 e4 27. Nf4 Qxc3
28. b5 d5 29. Red1 Qe5 30. Bg3 Qxf5 31. Rac1 Rd8 32. Qe3 Bd6 33. Ne2 Bxg3 34.
Qxg3 Re8 35. Nd4 Qd7 36. Qe3 Qd6 37. Rc6 Qe5 38. Ra6 Rc7 39. Nc6 Qh5 40. Rf1
Qh4 41. Kg1 Nh5 42. Ra7 d4 43. Qxd4 Ng3 44. Re1 Rxa7 45. Nxa7 Nf5 46. Qf2 Qg5
47. Nc6 e3 48. Qf3 h5 49. Kh2 Nd4 50. Nxd4 Qe5+ 51. Kh1 Qxd4 52. Qc6 Re6 53.
Qc8+ Kh7 54. Qc2+ Qe4 55. Qxe4+ Rxe4 56. b6 f6 57. b7 Rb4 58. Rxe3 Rxb7 59. Kh2
Rb4 60. Ra3 h4 61. Kg1 Kg6 62. Kf2 Kf5 63. Ke3 Ke5 64. Kf3 Rf4+ 65. Ke3 g5 66.
Ra2 Kd5 67. Rd2+ Kc5 68. Rb2 Rxa4 69. Rb8 Rb4 70. Rc8+ Kb5 71. Rb8+ Kc4 72. Rf8
a4 73. Rxf6 a3 0-1

[Event "?"]
[Site "?"]
[Date "2004.03.23"]
[Round "3.8"]
[White "Paehtz, E."]
[Black "Sudakova, I."]
[Result "1-0"]
[WhiteElo "2399"]
[BlackElo "2310"]
[PlyCount "75"]
[EventDate "2002.??.??"]

1. e4 e5 2. Bc4 Nf6 3. d3 Nc6 4. Nf3 h6 5. O-O d6 6. c3 g6 7. d4 Qe7 8. Nbd2
Bg7 9. Re1 O-O 10. h3 Kh7 11. Nf1 Nd8 12. Ng3 c6 13. a4 Qc7 14. Ba2 Ne6 15. Be3
Nf4 16. Bxf4 exf4 17. Nf1 d5 18. exd5 cxd5 19. Bb1 Be6 20. Ne5 Rae8 21. Qf3 Nd7
22. Nd3 Bf5 23. Qxd5 Nb6 24. Qf3 Rxe1 25. Nxe1 Bxb1 26. Rxb1 Nxa4 27. Nd3 b5
28. Nxf4 Nb6 29. Ne3 Rd8 30. Ra1 Rd7 31. Nd3 Qd6 32. Ra5 b4 33. Ne5 Bxe5 34.
dxe5 Qd3 35. cxb4 Nc4 36. Rd5 Rxd5 37. Qxf7+ Kh8 38. Nxd5 1-0

[Event "?"]
[Site "?"]
[Date "2004.03.23"]
[Round "3.9"]
[White "Lomineishvili, M."]
[Black "Chasovnikova, E."]
[Result "1-0"]
[WhiteElo "2397"]
[BlackElo "2277"]
[PlyCount "99"]
[EventDate "2004.??.??"]

1. d4 d5 2. c4 dxc4 3. e3 e5 4. Bxc4 exd4 5. exd4 Nf6 6. Nf3 Be7 7. h3 O-O 8.
O-O a6 9. Nc3 b5 10. Bb3 Bb7 11. Ne5 Nc6 12. Be3 Nb4 13. Rc1 Nbd5 14. Bg5 h6
15. Be3 Nxe3 16. fxe3 c5 17. Bc2 b4 18. Qd3 c4 19. Nxc4 Re8 20. Ne2 Rc8 21. Bb3
Rc5 22. Nf4 Be4 23. Qe2 Rg5 24. Ne5 Rf8 25. Nf3 Rf5 26. Ng6 Nh5 27. Nxf8 Ng3
28. Qxa6 Bxf8 29. Ne5 Qg5 30. Ng4 Nxf1 31. Rxf1 h5 32. Rxf5 Bxf5 33. Nf2 Qxe3
34. Qc4 Bg6 35. Kf1 Bd6 36. d5 Bc5 37. Qh4 Qc1+ 38. Nd1 Bd3+ 39. Ke1 Bd6 40.
Qd8+ Bf8 41. d6 Qf4 42. d7 Qe5+ 43. Kd2 Qd4 44. Bxf7+ Kh7 45. Qxf8 Bc4+ 46. Kc2
Bd3+ 47. Kb3 Qxd7 48. Qg8+ Kh6 49. Qe8 Qd4 50. Qe3+ 1-0

[Event "?"]
[Site "?"]
[Date "2004.03.23"]
[Round "3.10"]
[White "Cramling, P."]
[Black "Tsiganova, M."]
[Result "1-0"]
[WhiteElo "2488"]
[BlackElo "2269"]
[PlyCount "109"]
[EventDate "2004.??.??"]

1. d4 Nf6 2. Nf3 e6 3. c4 b6 4. Nc3 Bb4 5. Qb3 c5 6. Bg5 h6 7. Bh4 Nc6 8. d5
Na5 9. Qc2 Nxc4 10. O-O-O Bxc3 11. Qxc3 exd5 12. Rxd5 b5 13. e3 Qb6 14. Bxc4
bxc4 15. Rhd1 O-O 16. Bxf6 Qxf6 17. Qxf6 gxf6 18. Rxc5 Re8 19. Nd4 Re5 20. Rxc4
a5 21. Kd2 a4 22. Rdc1 Bb7 23. g3 Kg7 24. Rb4 Bd5 25. a3 Kg6 26. Rc7 Be6 27. h4
h5 28. Kd3 Bh3 29. Kc3 Kg7 30. Rcc4 Rea5 31. Rb5 Rxb5 32. Nxb5 Bf1 33. Rc5 Rb8
34. Nd4 Kg6 35. Rc7 d5 36. Rc5 Bg2 37. Nc6 Rb3+ 38. Kc2 Be4+ 39. Kc1 Rb7 40.
Nd4 Bg2 41. Nb5 Bf3 42. Nd4 Bg2 43. Ne2 Kf5 44. Nf4 Bf3 45. Nxd5 Kg4 46. Nxf6+
Kh3 47. Nxh5 Kg2 48. Nf6 Kxf2 49. g4 Kxe3 50. h5 Kf4 51. h6 Rb8 52. h7 Rh8 53.
Kd2 Bg2 54. Rf5+ Kg3 55. Rg5 1-0

[Event "?"]
[Site "?"]
[Date "2004.03.23"]
[Round "3.12"]
[White "Gaponenko, I."]
[Black "Zaiatz, E."]
[Result "1/2-1/2"]
[WhiteElo "2430"]
[BlackElo "2333"]
[PlyCount "112"]
[EventDate "2004.??.??"]

1. e4 e5 2. Nf3 Nc6 3. Bb5 Nf6 4. d4 exd4 5. e5 Ne4 6. O-O Be7 7. Nxd4 O-O 8.
Nf5 d5 9. Nxe7+ Nxe7 10. Kh1 Bd7 11. Bd3 Nc5 12. Be2 Bf5 13. b4 Ne6 14. g4 Be4+
15. f3 Bg6 16. f4 Be4+ 17. Bf3 Nc6 18. Nc3 Nxb4 19. Ba3 Bxf3+ 20. Rxf3 a5 21.
Bxb4 axb4 22. Nxd5 c5 23. Rd3 Qe8 24. Qf3 Nd4 25. Qe4 Rd8 26. Rg1 Qd7 27. Ne3
Qc6 28. Qxc6 bxc6 29. Rgd1 Ra8 30. c3 Ne2 31. cxb4 Nxf4 32. Rb3 cxb4 33. Rxb4
Ng6 34. a4 Nxe5 35. Re4 Ra5 36. Kg2 f6 37. Nf5 Rfa8 38. Ra1 Kf7 39. h3 c5 40.
Rb1 R5a7 41. Rb6 h6 42. a5 Kg8 43. Ra4 c4 44. a6 c3 45. Nd4 Nd7 46. Rc6 Ne5 47.
Rxc3 Rxa6 48. Rxa6 Rxa6 49. Rc8+ Kf7 50. Rc7+ Kg6 51. Nf5 Kg5 52. Nxg7 Ra2+ 53.
Kg3 Ra3+ 54. Kg2 Ra2+ 55. Kg3 Ra3+ 56. Kg2 Ra2+ 1/2-1/2

[Event "?"]
[Site "?"]
[Date "2004.03.23"]
[Round "3.13"]
[White "Papadopoulou, V."]
[Black "Danielian, E."]
[Result "0-1"]
[WhiteElo "2247"]
[BlackElo "2428"]
[PlyCount "86"]
[EventDate "2004.??.??"]

1. d4 d5 2. Nf3 c6 3. c4 dxc4 4. e3 Be6 5. a4 Nf6 6. Na3 Bd5 7. Bxc4 e6 8. Bxd5
exd5 9. O-O Bd6 10. Nc2 O-O 11. b4 a6 12. Ba3 Ne4 13. Nce1 Nd7 14. Nd3 Nb6 15.
Nc5 Qe7 16. a5 Nc4 17. Bc1 f5 18. Nd2 Ncxd2 19. Bxd2 Rae8 20. Ra3 Rf6 21. f4
Bb8 22. Be1 Rh6 23. Nd3 Bd6 24. Rb3 g5 25. Ne5 g4 26. Rb2 Qg7 27. g3 Rh3 28.
Qb3 h5 29. Rg2 Kh7 30. Qb2 h4 31. Bf2 Re6 32. Rb1 hxg3 33. Bxg3 Reh6 34. Qc2
Be7 35. Nd3 Bh4 36. Nf2 Bxg3 37. hxg3 Rxg3 38. Nxe4 Rxg2+ 39. Qxg2 dxe4 40. Kf2
Qf7 41. Kg1 Rh3 42. Rc1 Qb3 43. d5 Qxe3+ 0-1

[Event "?"]
[Site "?"]
[Date "2004.03.23"]
[Round "3.14"]
[White "Calotescu, A."]
[Black "Khurtsidze, N."]
[Result "1/2-1/2"]
[WhiteElo "2291"]
[BlackElo "2411"]
[PlyCount "103"]
[EventDate "2004.??.??"]

1. Nf3 Nf6 2. c4 e6 3. g3 a6 4. Bg2 b5 5. b3 c5 6. Bb2 Bb7 7. d3 Be7 8. Nbd2
O-O 9. O-O d5 10. cxd5 Bxd5 11. e4 Bb7 12. e5 Nd5 13. d4 Nd7 14. Qe2 Rc8 15. h4
Qb6 16. dxc5 Nxc5 17. Ng5 Nb4 18. Bxb7 Qxb7 19. a3 Nbd3 20. Bd4 Bxg5 21. hxg5
Qd5 22. Bxc5 Nxc5 23. Qe3 Rfd8 24. Rad1 Qd3 25. Qxd3 Rxd3 26. b4 Na4 27. Ne4
Rxa3 28. Rd7 Nb6 29. Rb7 Nd5 30. Nd6 Rf8 31. Rc1 h6 32. gxh6 gxh6 33. Ra7 Ra4
34. Rc6 Rxb4 35. Rcxa6 Rb1+ 36. Kg2 b4 37. Rb7 b3 38. Raa7 b2 39. Nc4 Rc8 40.
Rxb2 Ne3+ 41. fxe3 Rxb2+ 42. Nxb2 Rc2+ 43. Kf3 Rxb2 44. Rc7 Rb5 45. Kf4 Rb1 46.
g4 Kg7 47. Rc8 Rb4+ 48. e4 Rb3 49. Ra8 Rb1 50. Rc8 Rf1+ 51. Ke3 Rh1 52. Ra8
1/2-1/2

[Event "?"]
[Site "?"]
[Date "2004.03.23"]
[Round "3.16"]
[White "Stepovaia, T."]
[Black "Lagvilava, G."]
[Result "1/2-1/2"]
[WhiteElo "2374"]
[BlackElo "2302"]
[PlyCount "99"]
[EventDate "2004.??.??"]

1. e4 c6 2. d4 d5 3. Nd2 dxe4 4. Nxe4 Bf5 5. Ng3 Bg6 6. h4 h6 7. Nf3 Nd7 8. h5
Bh7 9. Bd3 Bxd3 10. Qxd3 Ngf6 11. Bd2 e6 12. O-O-O Qc7 13. Ne4 O-O-O 14. g3 Nc5
15. Nxc5 Bxc5 16. Qc4 Bd6 17. Qe2 Kb8 18. c4 c5 19. Bc3 Ka8 20. Kb1 Rd7 21. Ne5
Re7 22. f4 cxd4 23. Bxd4 Bxe5 24. Bxe5 Qc6 25. Rhe1 Rd7 26. Rxd7 Qxd7 27. Rd1
Qc6 28. a3 Rc8 29. g4 b6 30. g5 Ne8 31. gxh6 gxh6 32. b3 Kb7 33. Ka2 f6 34. Bb2
Rc7 35. Rd8 a5 36. a4 Rg7 37. Qd2 Kc7 38. c5 Rg2 39. cxb6+ Kxb6 40. Qe3+ Kb7
41. Rd2 Rxd2 42. Qxd2 Qd5 43. Qe2 f5 44. Qe5 Nc7 45. Qg7 Kc6 46. Qg8 Kb7 47.
Qh7 Kb6 48. Qh8 Kc6 49. Qc3+ Kb7 50. Qg7 1/2-1/2

[Event "?"]
[Site "?"]
[Date "2004.03.23"]
[Round "3.17"]
[White "Houska, J."]
[Black "Calzetta Ruiz, M."]
[Result "1/2-1/2"]
[WhiteElo "2370"]
[BlackElo "2291"]
[PlyCount "82"]
[EventDate "2004.??.??"]

1. e4 c5 2. Nf3 d6 3. c3 Nf6 4. Be2 g6 5. O-O Bg7 6. Bb5+ Bd7 7. Bxd7+ Qxd7 8.
Re1 O-O 9. d4 Na6 10. Bg5 Rfe8 11. Qb3 Rac8 12. Na3 cxd4 13. cxd4 h6 14. Bd2 e5
15. dxe5 dxe5 16. Qb5 Nc5 17. Qxd7 Nfxd7 18. Bc3 Na4 19. Nb5 Nxc3 20. Nxc3 Nb6
21. Rad1 Red8 22. h4 a6 23. Kf1 Kf8 24. h5 gxh5 25. Ke2 Bf6 26. g3 Kg7 27. Rh1
Nc4 28. Rxd8 Bxd8 29. Nd1 Nxb2 30. Ne3 Bg5 31. Nxg5 hxg5 32. Rxh5 Kg6 33. g4 b5
34. Nf5 Rc2+ 35. Kf3 f6 36. Rh6+ Kf7 37. Rh7+ Kg8 38. Rh5 Kf7 39. Rh7+ Kf8 40.
Rh8+ Kf7 41. Rh7+ Kf8 1/2-1/2

[Event "?"]
[Site "?"]
[Date "2004.03.23"]
[Round "3.18"]
[White "Zhukova, N."]
[Black "Smokina, K."]
[Result "1/2-1/2"]
[WhiteElo "2462"]
[BlackElo "2278"]
[PlyCount "118"]
[EventDate "2004.??.??"]

1. d4 Nf6 2. c4 g6 3. Nc3 Bg7 4. e4 d6 5. f3 O-O 6. Bg5 c5 7. d5 a6 8. a4 e6 9.
Qd2 exd5 10. cxd5 Re8 11. Nge2 Nbd7 12. Nd1 Ne5 13. Nec3 Qa5 14. Ra3 Qb4 15. a5
Bd7 16. Qc2 b6 17. Bd2 c4 18. Na4 Bxa4 19. Rxa4 Qb5 20. Bxc4 Nxc4 21. Rxc4 bxa5
22. O-O Nd7 23. g3 Nb6 24. Rc6 Rac8 25. Ne3 Bd4 26. Kg2 Bxe3 27. Bxe3 Nc4 28.
Bd4 Rxc6 29. dxc6 Qxc6 30. Rc1 Rc8 31. Qc3 a4 32. Ra1 a3 33. b3 Ne5 34. Qxc6
Rxc6 35. Ra2 Nd3 36. Rxa3 Ne1+ 37. Kf2 Nc2 38. Ra4 Nxd4 39. Rxd4 Kf8 40. Rb4
Ke7 41. h4 h5 42. Ke3 Ke6 43. Rb7 Rc3+ 44. Kf4 Rc5 45. b4 Rc3 46. Rb6 Rc4 47.
Ke3 Rc3+ 48. Kf4 Rc4 49. g4 hxg4 50. Kxg4 Ke5 51. Kg5 Rc3 52. f4+ Kxe4 53. Rxd6
Rg3+ 54. Kf6 Rg4 55. Kxf7 Rxf4+ 56. Kxg6 Rxh4 57. Rxa6 Kd5 58. Rb6 Rf4 59. Kg5
Rf2 1/2-1/2